Meilleurs buteurs de la Coupe du Monde de la FIFA par équipe - Statistiques

Statistiques générales
  • Ce quiz a été pris 84 fois
  • Le résultat moyen est 20 sur 114
Statistiques - réponses
Équipe Buts Années Footballeur % Correct
Argentine 13 2006-2014-2018-2022 Lionel Messi
91%
Brésil 15 1998-2002-2006 Ronaldo
89%
Belgique 5 2014-2018 Romelu Lukaku
83%
France 13 1958 Just Fontaine
78%
Allemagne 16 2002-2006-2010-2014 Miroslav Klose
76%
Côte d'Ivoire 2 2006-2010 Didier Drogba
75%
Colombie 6 2014 James Rodríguez
72%
Égypte 2 2018 Mohamed Salah
70%
Bosnie et Herzégovine 1 2014 Edin Džeko
67%
Espagne 9 2006-2010-2014 David Villa
66%
Portugal 9 1966 Eusébio
61%
Croatie 6 2014-2018-2022 Ivan Perišić
57%
Italie 9 1990-1994-1998 Roberto Baggio
51%
Canada 1 2022 Alphonso Davies
50%
Corée du Sud 3 2002-2006-2010 Park Ji-sung
46%
Croatie 6 1998 Davor Šuker
45%
Bulgarie 6 1994 Hristo Stoichkov
43%
Bosnie et Herzégovine 1 2014 Miralem Pjanić
42%
Cameroun 5 1990-1194 Roger Milla
42%
Ukraine 2 2006 Andriy Shevchenko
41%
Mexique 4 2010-2014-2018 Javier Hernández
41%
Mexique 4 1998 Luis Hernández
41%
Suède 5 1994-2002-2006 Henrik Larsson
39%
Algérie 2 2014 Islam Slimani
38%
Japon 4 2010-2014-2018 Keisuke Honda
37%
Angleterre 10 1986-1990 Gary Lineker
34%
États-Unis 5 2002-2010 Landon Donovan
33%
Ghana 6 2006-2010-2014 Asamoah Gyan
32%
Équateur 6 2014-2022 Enner Valencia
30%
Italie 9 1978-1982 Paolo Rossi
29%
Bolivie 1 1994 Erwin Sánchez
28%
Chili 4 1962 Leonel Sánchez
28%
Tunisie 3 2018-2022 Wahbi Khazri
25%
Italie 9 1998-2002 Christian Vieri
22%
Irlande 3 2002 Robbie Keane
22%
Iran 2 2022 Mehdi Taremi
21%
Serbie 3 2018-2022 Aleksandar Mitrović
20%
Côte d'Ivoire 2 2014 Gervinho
20%
Maroc 3 2018-2022 Youssef En-Nesyri
17%
Arabie Saoudite 3 2018-2022 Salem Al-Dawsari
16%
Nigeria 4 2014-2018 Ahmed Musa
13%
Islande 1 2018 Gylfi Sigurðsson
13%
Sénégal 3 2002 Papa Bouba Diop
13%
Chili 4 1998 Marcelo Salas
11%
Hongrie 11 1954 Sándor Kocsis
11%
Côte d'Ivoire 2 2014 Wilfried Bony
11%
Danemark 5 2002-2010 Jon Dahl Tomasson
8%
Belgique 5 1998-2002 Marc Wilmots
8%
Pologne 10 1974-1978-1982 Grzegorz Lato
7%
Pérou 10 1970-1978 Teófilo Cubillas
7%
Corée du Sud 3 2002-2006 Ahn Jung-hwan
5%
Russie 6 1994 Oleg Salenko
5%
Arabie Saoudite 3 1994-1998-2006 Sami Al-Jaber
5%
Corée du Sud 3 2014-2018-2022 Son Heung-min
5%
Bosnie et Herzégovine 1 2014 Vedad Ibišević
5%
Afrique du Sud 2 1998-2002 Benni McCarthy
4%
Pays-Bas 7 1974-1978 Johnny Rep
4%
Autriche 5 2006-2010-2014 Tim Cahill
4%
Algérie 2 2014 Abdelmoumene Djabou
3%
Grèce 1 2014 Georgios Samaras
3%
Suède 5 1994 Kennet Andersson
3%
Costa Rica 3 2002-2006 Paulo Wanchope
3%
Slovaquie 4 2010 Robert Vittek
3%
Costa Rica 3 2002-2006 Rónald Gómez
3%
Algérie 2 1982 Salah Assad
3%
Islande 1 2018 Alfreð Finnbogason
1%
Côte d'Ivoire 2 2006 Aruna Dindane
1%
Ecosse 4 1974-1978-1982 Joe Jordan
1%
El Salvador 1 1982 Luis Ramírez Zapata
1%
Paraguay 3 2002-2006 Nelson Cuevas
1%
Slovénie 1 2010 Valter Birsa
1%
Koweït 1 1982 Abdullah Al-Buloushi
0%
Égypte 2 1934 Abdulrahman Fawzi
0%
Irak 1 1986 Ahmed Radhi
0%
Emirats Arabes Unis 1 1990 Ali Thani Jumaa
0%
Grèce 1 2014 Andreas Samaris
0%
Bosnie et Herzégovine 1 2014 Avdija Vršajević
0%
Turquie 3 1954 Burhan Sargun
0%
Honduras 1 2014 Carlo Costly
0%
Grèce 1 2010 Dimitris Salpingidis
0%
Honduras 1 1982 Eduardo Laing
0%
Haïti 2 1974 Emmanuel Sanon
0%
Autriche 6 1954 Erich Probst
0%
Koweït 1 1982 Faisal Al-Dakhil
0%
Panama 1 2018 Felipe Baloy
0%
Angola 1 2006 Flávio Amado
0%
Roumanie 4 1994 Florin Răducioiu
0%
Cuba 2 1938 Héctor Socorro
0%
Honduras 1 1982 Héctor Zelaya
0%
Turquie 3 2002 İlhan Mansız
0%
Pays de Galles 2 1958 Ivor Allchurch
0%
Suisse 6 1954 Josef Hügi
0%
Émirats Arabes Unis 1 1990 Khalid Ismaïl
0%
Norvège 2 1994-1998 Kjetil Rekdal
0%
Slovénie 1 2002 Milenko Ačimovič
0%
Togo 1 2006 Mohamed Kader
0%
Qatar 1 2022 Mohammed Muntari
0%
Israël 1 1970 Mordechai Spiegler
0%
République Tchèque 7 1934-1938 Oldřich Nejedlý
0%
Uruguay 8 1950-1954 Oscar Míguez
0%
Corée du Nord 2 1966 Pak Seung-Zin
0%
Irlande du Nord 5 1958 Peter McParland
0%
Slovénie 1 2010 Robert Koren
0%
Slovénie 1 2002 Sebastjan Cimirotič
0%
Nouvelle Zélande 1 2010 Shane Smeltz
0%
Afrique du Sud 2 1998 Shaun Bartlett
0%
Grèce 1 2014 Sokratis Papastathopoulos
0%
Nouvelle Zélande 1 1982 Steve Sumner
0%
Nouvelle Zélande 1 1982 Steve Wooddin
0%
Turquie 3 1954 Suat Mamat
0%
Jamaïque 2 1998 Theodore Whitmore
0%
Grèce 1 2010 Vasilis Torosidis
0%
Nouvelle Zélande 1 2010 Winston Reid
0%
Slovénie 1 2010 Zlatan Ljubijankić
0%
Aucun quiz correspondant
Distribution des résultats
% des personnes avec chaque résultat
Percentile par nombre de réponses
Votre historique - résultats
Vous n’avez pas pris ce quiz